Estimacin̤ de costos por demora debido a accidentes de trǹsito en el r̀ea metropolitana de San Jos

Wedi'i Gadw mewn:
Manylion Llyfryddiaeth
Prif Awdur: Jiménez Romero, Diana María, 1972- Directora del TFG
Fformat: Anhysbys
Cyhoeddwyd: [San Jos,̌ Costa Rica] 2014
Pynciau:
Tagiau: Ychwanegu Tag
Dim Tagiau, Byddwch y cyntaf i dagio'r cofnod hwn!

MARC

LEADER 00000 a2200000 4500
003 012009
005 20230714100343.0
007 7175
008 150223b2014 cr a|||| |||| 00| 0 s d
040 |c cru CEDI  
090 |a TFG 7175 
100 |a Jiménez Romero, Diana María, 1972-  |d Directora del TFG   |9 238 
245 |a  Estimacin̤ de costos por demora debido a accidentes de trǹsito en el r̀ea metropolitana de San Jos 
260 |a [San Jos,̌ Costa Rica]  |c  2014 
500 |a Proyecto de graduacin̤ (licenciatura en ingeniera̕ civil)--Universidad de Costa Rica. Facultad de Ingeniera̕. Escuela de Ingeniera̕ Civil 
650 |x ACCIDENTES DE TRANSITO - COSTOS   |x  ACCIDENTES DE TRANSITO - COSTOS - GRAN AREA METROPOLITANA (COSTA RICA)  |9 239 
942 |c TFG 
999 |c 13604  |d 13604